The Walking Dead Season 4 Characters - Statistics

General Stats
  • This quiz has been taken 68 times
  • The average score is 7 of 12
Answer Stats
Hint Answer % Correct
Military man who believes he is on a mission Abraham Ford
85%
Latina woman who is the love interest of the military man Rosita Espinosa
83%
Young woman who supports the Governor later switch sides Tara Chambler
83%
Former miltary medic and an alcoholic Bob Stookey
79%
Man claims to be a scientist and that he has a cure for the outbreak Eugene Porter
77%
Young girl who thinks walkers are friendly Lizzie Samuels
77%
Younger sister of the above Mika Samuels
68%
Leader of Terminus and is a cannibal Gareth
60%
Love interest of the Governor Lily Chambler
45%
Teenager who is the first to get the Flu Patrick
40%
Leader of the Claimers Joe
34%
Doctor in the prison Caleb Subramarian
19%
No matching quizzes found
Score Distribution
Percent of People with Each Score
Percentile by Number Answered
Your Score History
You have not taken this quiz